ბათუმის შოთა რუსთაველის სახელმწიფო უნივერსიტეტის ბიბლიოთეკა

სამი მუშკეტერი : (ბიბ.ჩანაწერი № 56043)

000 -ლიდერი
ფიქსირებული სიგრძის საკონტროლო ველი 01334nam a2200289Ia 4500
001 - საკონტროლო ნომერი
საკონტროლო ველი 23143
003 - საკონტროლო ნომრის იდენტიფიკატორი
საკონტროლო ველი GE_BSU
005 - ბოლო ოპერაციის თარიღი და დრო
საკონტროლო ველი 20230719105732.0
008 - ფიქსირებული სიგრძის მონაცემთა ელემენტები - ზოგადი ინფორმაცია
ფიქსირებული სიგრძის საკონტროლო ველი 181216s1960||||ge |||||||||||||| ||geo||
040 ## - კატალოგიზაციის წყარო
Transcribing agency GE_BSU
041 ## - ენის კოდი
Language code of text/sound track or separate title geo
080 ## - უნივერსალური ათობითი კლასიფიკაციის ინდექსი
Universal Decimal Classification number 821.133.1-31 დ-56
100 ## - მთავარი ჩანაწერი - პიროვნების სახელი
Personal name დიუმა, ა.
9 (RLIN) 19423
245 ## - ცნობა სათაურის შესახებ
Title სამი მუშკეტერი :
Remainder of title რომანი /
Statement of responsibility, etc ა. დიუმა ; თარგმ. ფრანგ. ივანე მაჭავარიანი ; ილ. ი. კუსკოვის ; რედ. ნ. ლორთქიფანიძე.
260 ## - გამოქვეყნების, გავრცელების, და სხვა. ცნობები
Place of publication, distribution, etc თბილისი
260 ## - გამოქვეყნების, გავრცელების, და სხვა. ცნობები
Name of publisher, distributor, etc ნაკადული
260 ## - გამოქვეყნების, გავრცელების, და სხვა. ცნობები
Date of publication, distribution, etc 1960
300 ## - ფიზიკური აღწერა
Extent 863 გვ. :
Other physical details ილ. ;
Dimensions 21 სმ.
490 ## - სერიის ცნობა
Series statement სათავგადასავლო ბიბლიოთეკა
500 ## - ზოგადი შენიშვნა
General note დანართი : "ა. დიუმა" გვ. 657-661
653 ## - INDEX TERM--UNCONTROLLED
Uncontrolled term სამი მუშკეტერი : რომანი
700 ## - ADDED ENTRY--PERSONAL NAME
Personal name მაჭავარიანი, ივანე
Relator term მთარგმნელი
9 (RLIN) 19424
700 ## - ADDED ENTRY--PERSONAL NAME
Personal name კუსკოვი, ი.
Relator term ილუსტრაცია
9 (RLIN) 19425
700 ## - ADDED ENTRY--PERSONAL NAME
Personal name მაჭავარიანი, ივანე
Relator term რედაქტორი
9 (RLIN) 19426
942 ## - ADDED ENTRY ELEMENTS (KOHA)
Koha item type წიგნი
Source of classification or shelving scheme
ეგზემპლარები
ჩამოწერის სტატუსი დაკარგული ეგზემპლარის სტატუსი კლასიფიკაციის წყარო ან თაროზე გაწყობის სქემა დაზიანების სტატუსი არ გაიცემა მუდმივი მდებარეობა (დაცვის ადგილი) ამჟამინდელი ადგილსამყოფელი თაროზე განთავსების ადგილი შეძენის თარიღი ღირებულება, შესყიდვის ნორმალური ფასი სრული შენახვის შიფრი შტრიხკოდი ბოლო ოპერაციის თარიღი ეგზემპლარის მიმდევრობითი ნომერი (კეტერი?) ფასის ძალაში შესვლის თარიღი ეგზემპლარის სახეობა საჯარო შენიშვნა
          ბათუმის შოთა რუსთაველის სახელმწიფო უნივერსიტეტის მთავარი ბიბლიოთეკა ბათუმის შოთა რუსთაველის სახელმწიფო უნივერსიტეტის მთავარი ბიბლიოთეკა წიგნსაცავი 2018-12-17 5.40 821.133.1-31 დ-56 58598 2018-12-17 58598 2018-12-17 წიგნი 5.40 ₾.